<?xml version="1.0" encoding="UTF-8"?>
<record
    xmlns:xsi="http://www.w3.org/2001/XMLSchema-instance"
    xsi:schemaLocation="http://www.loc.gov/MARC21/slim http://www.loc.gov/standards/marcxml/schema/MARC21slim.xsd"
    xmlns="http://www.loc.gov/MARC21/slim">

  <leader>00836nam a22002177a 4500</leader>
  <controlfield tag="005">20240530110527.0</controlfield>
  <controlfield tag="008">160308s2013    ua a   g      000 0 ara d</controlfield>
  <datafield tag="017" ind1=" " ind2=" ">
    <subfield code="a">16549</subfield>
    <subfield code="b">&#x645;&#x635;&#x631; . &#x62F;&#x627;&#x631; &#x627;&#x644;&#x643;&#x62A;&#x628; &#x627;&#x644;&#x645;&#x635;&#x631;&#x64A;&#x629;</subfield>
  </datafield>
  <datafield tag="020" ind1=" " ind2=" ">
    <subfield code="a">9789773582847</subfield>
  </datafield>
  <datafield tag="040" ind1=" " ind2=" ">
    <subfield code="a">EG-CaGPL</subfield>
  </datafield>
  <datafield tag="082" ind1="0" ind2="4">
    <subfield code="2">21</subfield>
    <subfield code="a">155.2\</subfield>
    <subfield code="b">&#x645; &#x62B;</subfield>
  </datafield>
  <datafield tag="100" ind1="1" ind2=" ">
    <subfield code="a">&#x645;&#x627;&#x643;&#x62C;&#x649; &#x60C; &#x628;&#x648;&#x644; </subfield>
  </datafield>
  <datafield tag="245" ind1="1" ind2="2">
    <subfield code="a">&#x627;&#x644;&#x62B;&#x642;&#x629; &#x628;&#x627;&#x644;&#x646;&#x641;&#x633; :</subfield>
    <subfield code="b">&#x647;&#x644; &#x64A;&#x645;&#x62B;&#x644; &#x627;&#x644;&#x62A;&#x63A;&#x64A;&#x631; &#x627;&#x644;&#x628;&#x633;&#x64A;&#x637; &#x641;&#x631;&#x642;&#x627; &#x643;&#x628;&#x64A;&#x631;&#x627; &#x61F; /</subfield>
    <subfield code="c">&#x62A;&#x627;&#x644;&#x64A;&#x641; &#x628;&#x648;&#x644; &#x645;&#x627;&#x643;&#x62C;&#x649; &#x61B; &#x62A;&#x631;&#x62C;&#x645;&#x629; &#x627;&#x62D;&#x645;&#x62F; &#x627;&#x644;&#x645;&#x63A;&#x631;&#x628;&#x649; </subfield>
  </datafield>
  <datafield tag="250" ind1=" " ind2=" ">
    <subfield code="a">&#x637;1</subfield>
  </datafield>
  <datafield tag="260" ind1=" " ind2=" ">
    <subfield code="a">&#x627;&#x644;&#x642;&#x627;&#x647;&#x631;&#x629; :</subfield>
    <subfield code="b">&#x62F;&#x627;&#x631; &#x627;&#x644;&#x641;&#x62C;&#x631; &#x644;&#x644;&#x646;&#x634;&#x631; &#x648; &#x627;&#x644;&#x62A;&#x648;&#x632;&#x64A;&#x639; &#x60C;</subfield>
    <subfield code="c">2013 .</subfield>
  </datafield>
  <datafield tag="300" ind1=" " ind2=" ">
    <subfield code="a">276 &#x635; :</subfield>
    <subfield code="b">&#x627;&#x64A;&#x636; &#x61B;</subfield>
    <subfield code="c">24 &#x633;&#x645; .</subfield>
  </datafield>
  <datafield tag="650" ind1="0" ind2="4">
    <subfield code="a">&#x627;&#x644;&#x62B;&#x642;&#x629; &#x628;&#x627;&#x644;&#x646;&#x641;&#x633;</subfield>
  </datafield>
  <datafield tag="700" ind1="0" ind2=" ">
    <subfield code="a">&#x627;&#x62D;&#x645;&#x62F; &#x627;&#x644;&#x645;&#x63A;&#x631;&#x628;&#x649;</subfield>
    <subfield code="e">&#x645;&#x62A;&#x631;&#x62C;&#x645;</subfield>
  </datafield>
  <datafield tag="942" ind1=" " ind2=" ">
    <subfield code="2">ddc</subfield>
    <subfield code="c">BK</subfield>
  </datafield>
  <datafield tag="999" ind1=" " ind2=" ">
    <subfield code="c">62022</subfield>
    <subfield code="d">62022</subfield>
  </datafield>
  <datafield tag="952" ind1=" " ind2=" ">
    <subfield code="0">0</subfield>
    <subfield code="1">0</subfield>
    <subfield code="4">0</subfield>
    <subfield code="7">0</subfield>
    <subfield code="a">CAI</subfield>
    <subfield code="b">CAI</subfield>
    <subfield code="d">2016-03-08</subfield>
    <subfield code="l">0</subfield>
    <subfield code="o">155.2\ &#x645; &#x62B;</subfield>
    <subfield code="p">161504</subfield>
    <subfield code="r">2016-03-08 00:00:00</subfield>
    <subfield code="w">2016-03-08</subfield>
    <subfield code="y">BK</subfield>
  </datafield>
</record>
